Most Populous U.S. Urban Areas - Statistics

General Stats
  • This quiz has been taken 28 times
  • The average score is 61 of 81
Answer Stats
State(s) Population Answer % Correct
NY/NJ 19,426,449 New York-Jersey City-Newark
100%
MA/NH 4,382,009 Boston
96%
IL/IN 8,671,746 Chicago
96%
TX 5,696,125 Dallas-Fort Worth-Arlington
96%
CO 2,686,147 Denver-Aurora
96%
MI 3,776,890 Detroit
96%
TX 5,732,354 Houston
96%
CA 12,237,376 Los Angeles-Long Beach-Anaheim
96%
FL 6,077,522 Miami-Fort Lauderdale
96%
AZ 3,976,313 Phoenix-Mesa-Scottsdale
96%
CA 3,070,300 San Diego
96%
CA 3,269,385 San Francisco-Oakland
96%
WA 3,544,011 Seattle-Tacoma
96%
FL 2,783,045 Tampa-St. Petersburg
96%
DC/MD/VA 5,174,759 Washington, D.C.-Arlington
96%
GA 4,999,259 Atlanta
92%
FL 1,247,374 Jacksonville
92%
MN 2,914,866 Minneapolis-St. Paul
92%
PA/NJ/DE/MD 5,696,125 Philadelphia
92%
OR/WA 2,104,238 Portland
92%
NC/SC 1,379,783 Charlotte
88%
OH/KY 1,686,744 Cincinnati
88%
OH 1,712,178 Cleveland
88%
OH 1,567,254 Columbus
88%
IN 1,699,881 Indianapolis
88%
MO/KS 1,674,218 Kansas City
88%
NV 2,196,623 Las Vegas-Henderson-Paradise
88%
KY/IN 974,397 Louisville
88%
TN 1,178,533 Nashville-Davidson
88%
OK 982,276 Oklahoma City
88%
CA 1,946,618 Sacramento
88%
VA 1,451,578 Virginia Beach-Norfolk
88%
MD 2,212,038 Baltimore
83%
TX/NM 854,584 El Paso
83%
HI 853,252 Honolulu
83%
TN/MS/AR 1,056,190 Memphis
83%
LA 916,408 New Orleans
83%
FL 1,853,896 Orlando
83%
PA 1,745,039 Pittsburgh
83%
NC 1,106,646 Raleigh
83%
UT 1,178,533 Salt Lake City
83%
MO/IL 2,196,623 St. Louis
83%
NY 593,142 Albany-Schenectady
79%
TX 1,809,888 Austin
79%
WI 1,306,795 Milwaukee
79%
NE/IA 819,508 Omaha
79%
RI/MA 1,285,806 Providence
79%
VA 1,059,150 Richmond
79%
TX 1,992,689 San Antonio
79%
CA 1,837,446 San Jose
79%
AZ 875,441 Tucson
79%
OK 722,810 Tulsa
79%
NM 769,837 Albuquerque
75%
AL 774,956 Birmingham
75%
CO 632,494 Colorado Springs
75%
CT 977,158 Hartford
71%
CA 2,276,703 Riverside-San Bernardino
71%
NY 704,327 Rochester
71%
OH 541,879 Akron
67%
SC 684,773 Charleston
67%
CA 717,589 Fresno
67%
CA 570,235 Bakersfield
63%
CT 948,864 Bridgeport-Stamford
63%
IA 542,486 Des Moines
63%
KS 500,231 Wichita
63%
OH 674,046 Dayton
58%
MI 605,666 Grand Rapids
58%
TN 597,257 Knoxville
58%
SC 590,407 Columbia
54%
UT 588,609 Provo-Orem
54%
TX 779,553 McAllen
50%
UT 608,857 Ogden-Layton
50%
CT 561,456 New Haven
46%
PA/NJ 621,703 Allentown-Bethlehem
42%
FL 599,242 Cape Coral
42%
FL 779,075 Bradenton-Sarasota-Venice
38%
CA 538,583 Concord-Walnut Creek
33%
FL 510,675 Palm Bay-Melbourne
33%
TX 504,803 McKinney-Frisco
21%
CA 528,991 Temecula-Murrieta-Menifee
13%
CA 646,843 Mission Viejo-Lake Forest-Laguna Niguel
8%
No matching quizzes found
Score Distribution
Percent of People with Each Score
Percentile by Number Answered
Your Score History
You have not taken this quiz